Beam steering employing tunable fiber laser source (Record no. 328726)

000 -LEADER
fixed length control field 00495nam a2200145 4500
082 ## - DEWEY DECIMAL CLASSIFICATION NUMBER
Classification number MSEE-4 ZAF
100 ## - MAIN ENTRY--PERSONAL NAME
Personal name Ahsan Zafar
245 ## - TITLE STATEMENT
Title Beam steering employing tunable fiber laser source
260 ## - PUBLICATION, DISTRIBUTION, ETC.
Place of publication, distribution, etc. Islamabad
Name of publisher, distributor, etc. NUST-SEECS
Date of publication, distribution, etc. 2016
300 ## - PHYSICAL DESCRIPTION
Extent 56p.
Accompanying material CD Includes
856 ## - Uniform Resource Identifier
Uniform Resource Identifier <a href="http://10.250.8.41:8080/xmlui/handle/123456789/8566">http://10.250.8.41:8080/xmlui/handle/123456789/8566</a>
942 ## - ADDED ENTRY ELEMENTS (KOHA)
Source of classification or shelving scheme
Koha item type Thesis
Holdings
Withdrawn status Lost status Source of classification or shelving scheme Damaged status Not for loan Collection code Permanent Location Current Location Shelving location Date acquired Source of acquisition Total Checkouts Full call number Barcode Date last seen Price effective from Koha item type Non-public note
            Central Library (CL) Central Library (CL) General Stacks 04/14/2017 NUST-SEECS   MSEE-4 ZAF SEECSP02037 04/14/2017 04/14/2017 Thesis  
            Central Library (CL) Central Library (CL) Thesis 12/13/2019     621.3 MSEE-4 ZAF CL-T-4254 12/13/2019 12/13/2019 Thesis Minute Sheet No. 0929/02/CL/Survey/5 dated 23rd April 2024 E-MIN ID 114741
            Central Library (CL) Central Library (CL) Thesis 12/19/2019     621.3 MSEE-4 ZAF CL-T-4294 12/19/2019 12/19/2019 Thesis  
© 2023 Central Library, National University of Sciences and Technology. All Rights Reserved.